MS/ Thesis:2D, 3D-QSAR and Docking studies on inhibitors of IR and IGF-1R: Exploration of binding mode at Tyrosine Kinase Domain (Record no. 530780)
[ view plain ]
| 000 -LEADER | |
|---|---|
| fixed length control field | 00538nam a22001577a 4500 |
| 003 - CONTROL NUMBER IDENTIFIER | |
| control field | NUST |
| 005 - DATE AND TIME OF LATEST TRANSACTION | |
| control field | 20191014151538.0 |
| 008 - FIXED-LENGTH DATA ELEMENTS--GENERAL INFORMATION | |
| fixed length control field | 191014b ||||| |||| 00| 0 eng d |
| 038 ## - RECORD CONTENT LICENSOR | |
| Staff Name | Nusrat Nadeem |
| 082 ## - DEWEY DECIMAL CLASSIFICATION NUMBER | |
| Classification number | 004.12 MUS |
| 100 ## - MAIN ENTRY--PERSONAL NAME | |
| Personal name | Pasha Mustafa Kamal |
| 9 (RLIN) | 23871 |
| 245 ## - TITLE STATEMENT | |
| Title | MS/ Thesis:2D, 3D-QSAR and Docking studies on inhibitors of IR and IGF-1R: Exploration of binding mode at Tyrosine Kinase Domain |
| Statement of responsibility, etc. | Mustafa Kamal Pasha |
| 260 ## - PUBLICATION, DISTRIBUTION, ETC. | |
| Place of publication, distribution, etc. | Islamabad |
| Name of publisher, distributor, etc. | RCMS NUST |
| Date of publication, distribution, etc. | 2016 |
| 700 ## - ADDED ENTRY--PERSONAL NAME | |
| Relator code | Dr. Ishrat Jabeen (Supervisor) |
| 942 ## - ADDED ENTRY ELEMENTS (KOHA) | |
| Source of classification or shelving scheme | |
| Koha item type | Thesis |
| Withdrawn status | Lost status | Source of classification or shelving scheme | Damaged status | Not for loan | Permanent Location | Current Location | Shelving location | Date acquired | Total Checkouts | Full call number | Barcode | Date last seen | Price effective from | Koha item type |
|---|---|---|---|---|---|---|---|---|---|---|---|---|---|---|
| Central Library (CL) | Central Library (CL) | Thesis | 03/18/2020 | 621.3678 | CL-T-5594 | 03/18/2020 | 03/18/2020 | Thesis | ||||||
| School of Interdisciplinary Engineering and Sciences (SINES) | School of Interdisciplinary Engineering and Sciences (SINES) | Thesis | 10/14/2019 | 004.12 MUS | RCMS003062 | 10/14/2019 | 10/14/2019 | Thesis |
